El teatro portugués (Record no. 210898)

MARC details
000 -CABECERA
campo de control de longitud fija 00804nam a22002417a 4500
003 - IDENTIFICADOR DEL NÚMERO DE CONTROL
campo de control UPN
005 - FECHA Y HORA DE LA ÚLTIMA TRANSACCIÓN
campo de control 20240415090422.0
008 - ELEMENTOS DE LONGITUD FIJA--INFORMACIÓN GENERAL
campo de control de longitud fija 240131t1968 ag a|||| |||| 00| 0 spa d
040 ## - FUENTE DE LA CATALOGACIÓN
Centro catalogador/agencia de origen MX-MxUPN
Lengua de catalogación spa
Centro/agencia transcriptor MX-MxUPN
041 ## - CÓDIGO DE IDIOMA
Código de lengua del texto/banda sonora o título independiente spa
050 #4 - SIGNATURA TOPOGRÁFICA DE LA BIBLIOTECA DEL CONGRESO
Número de clasificación PQ9083
Número de documento/Ítem R43 1968
100 1# - ASIENTO PRINCIPAL--NOMBRE PERSONAL
9 (RLIN) 51055
Nombre de persona Rebello, Luiz Francisco
Fechas asociadas al nombre 1924-2011
245 13 - MENCIÓN DE TÍTULO
Título El teatro portugués
260 ## - PUBLICACIÓN, DISTRIBUCIÓN, ETC.
Lugar de publicación, distribución, etc. Buenos Aires, Argentina :
Nombre del editor, distribuidor, etc. Centro Editor de América Latina,
Fecha de publicación, distribución, etc. ©1968.
300 ## - DESCRIPCIÓN FÍSICA
Extensión 103 páginas :
Otras características físicas ilustraciones
490 0# - MENCIÓN DE SERIE
Mención de serie Enciclopedia de teatro, Historia ;
Designación de volumen o secuencia 6
504 ## - NOTA DE BIBLIOGRAFÍA, ETC.
Nota de bibliografía, etc. Incluye bibliografía.
650 #0 - ASIENTO SECUNDARIO DE MATERIA - TERMINO TEMATICO
9 (RLIN) 51057
Término de materia o nombre geográfico como elemento de entrada Drama portugués
Subdivisión general Historia y crítica
700 1# - ASIENTO SECUNDARIO--NOMBRE DE PERSONAL
Nombre de persona Jofre Barroso, Haydée M.
Fechas asociadas al nombre 1916-2006
Término indicativo de función/relación traducción
9 (RLIN) 46423
902 ## - ELEMENTOS DE DATOS B LOCAL, LDB (RLIN)
Creó GCH300124
Modificó MariaRobles/160224
942 ## - ELEMENTOS DE PUNTO DE ACCESO ADICIONAL (KOHA)
Fuente del sistema de clasificación o colocación Library of Congress Classification
Tipo de ítem Koha Libro
Suprimir en OPAC No
Holdings
Estado de retiro Estado de pérdida Fuente del sistema de clasificación o colocación Estado dañado No para préstamo Código de colección Localización permanente Ubicación/localización actual Ubicación en estantería Fecha de adquisición Clasificación Código de barras Fecha visto por última vez Precio válido a partir de Tipo de ítem Koha
    Library of Congress Classification     Colección General Bib. Gregorio Torres Quintero Bib. Gregorio Torres Quintero Planta baja 31/01/2024 PQ9083 R43 1968 337861 31/01/2024 31/01/2024 Libro